Ταξίδι στα νησιά : νομισματικές μαρτυρίες = Journey to the islands : the munismatic evidence

Αποθηκεύτηκε σε:
Λεπτομέρειες βιβλιογραφικής εγγραφής
Συγγραφή απο Οργανισμό/Αρχή: Alpha Bank
Άλλοι συγγραφείς: Τσαγκάρη, Δήμητρα Ι. (Επιμελητής έκδοσης), Δημητριάδου, Δάφνη (Μεταφραστής)
Μορφή: Βιβλίο
Γλώσσα:Greek
English
Δημοσίευση: Αθήνα : Alpha Bank, 2009
Θέματα:
Ετικέτες: Προσθήκη ετικέτας
Δεν υπάρχουν, Καταχωρήστε ετικέτα πρώτοι!

MARC

LEADER 00000cam a2200000 i 4500
001 1/58448
008 141022s2009 gre d
035 |l 10119524 
040 |a GR-MY-UA  |b gre  |e aacr 
041 0 |a gre  |h eng 
082 0 |a 737.409  |2 (23) 
245 1 0 |a Ταξίδι στα νησιά :   |b νομισματικές μαρτυρίες = Journey to the islands : the munismatic evidence /  |c επιμέλεια: Δήμητρα Τσαγκάρη ; μετάφραση: Δημητριάδου Δάφνη 
260 |a Αθήνα :   |b Alpha Bank,   |c 2009 
300 |a 25 σ.;  |b εικ.;  |c 30 εκ. 
500 |a Υπάρχουν κείμενα στα αγγλικά 
650 0 0 |a Coins, Greek  |z Greece  |x exhibitions. 
650 0 0 |a Numismatics, Greek  |x History. 
700 1 |a Τσαγκάρη, Δήμητρα Ι.  |4 edt 
700 1 |a Δημητριάδου, Δάφνη.  |4 trl 
710 2 |a Alpha Bank. 
852 |a INST  |b RHODES  |e 20141022  |h 737.409 ΤΑΞ  |p 005400037141  |q 005400037141  |t BK  |y 0 
901 |a BIBL4-2014-3 
909 |a Ρ  |b 183466 
970 |z 2014-10-22